| 000 | 00494nam a2200157Ia 4500 | ||
|---|---|---|---|
| 008 | 100122s9999 xx 000 0 und d | ||
| 082 |
_b60290 _aB823.08 |
||
| 100 | _aBHANOT T R | ||
| 245 | _aTHE SWAN QUEEN / THE SACRED TREE / PINTO-THE ACCORDIONIST | ||
| 250 | _a0 | ||
| 260 |
_bDREAMLAND PUBLICATIONS _c2000 |
||
| 300 | _a100 | ||
| 630 | _aTHE SWAN QUEEN / THE SACRED TREE / PINTO-THE ACCORDIONIST | ||
| 730 | _aTHE SWAN QUEEN / THE SACRED TREE / PINTO-THE ACCORDIONIST | ||
| 942 | _cBOOK | ||
| 999 |
_c377924 _d377921 |
||